| 000 | 01200nam a2200337 a 4500 | ||
|---|---|---|---|
| 001 | 000005814 | ||
| 003 | DO-SdBPM | ||
| 005 | 20260327141739.0 | ||
| 007 | ta | ||
| 008 | 090824s2002 dr r 000 0 spa d | ||
| 020 | _a9993402877 | ||
| 040 |
_aDO-SdBNP _bspa _cBNPHU _drda |
||
| 082 |
_a348.02 _bP438L |
||
| 100 | 1 |
_aPérez Ramírez, Sucre _eautor _4aut. |
|
| 245 | 1 | 0 |
_aLegislación y procedimientos municipales en la República Dominicana / _cSucre Pérez Ramírez ; editor Almanzor González Canahuate |
| 264 |
_aSanto Domingo : _bCentenario, _c2002. |
||
| 300 |
_a704 páginas ; _c24 cm. |
||
| 336 |
_atexto _btxt _2rdacontent |
||
| 337 |
_asin mediación _bn _2rdamedia |
||
| 338 |
_avolumen _bnc _2rdacarrier |
||
| 504 | _aBibliográfia : páginas 705 | ||
| 590 | _aInventariado, 2026/VM | ||
| 650 | 7 |
_aLeyes _zRepública Dominicana |
|
| 650 | 7 |
_aDerecho municipal _zRepública Dominicana |
|
| 650 | z |
_aDominican Republic _xPolitics and government |
|
| 651 | 7 |
_aDerecho Municipal _xLegislación |
|
| 651 | 7 |
_aRepública Dominicana _xPolítica y gobierno |
|
| 700 | 1 |
_aGonzález Canahuate, Almanzor, _eeditor |
|
| 910 | _aVMateo V. Control de calidad. BPMSU | ||
| 942 |
_2ddc _cBK |
||
| 999 |
_c15779 _d15779 |
||